000 00286nam a22001337a 4500
008 170803b xxu||||| |||| 00| 0 eng d
020 _a013200030X
041 _aeng
080 _a004
100 _a32
101 _aSHKI
245 _aDESIGN AND ANALYSIS
_cKEPPEL, G
942 _2udc
_cBK
999 _c22596
_d22596